| 000 | 00976nam a2200253 4500 | ||
|---|---|---|---|
| 003 | CO-ViMGA | ||
| 020 | _a9786071616593 | ||
| 040 |
_aCO-ViMGA _bspa _cCO-ViMGA |
||
| 082 | 0 | 4 |
_aI595.7 _bT14a |
| 100 | 1 |
_aTakaoka, Masae. _912359 |
|
| 245 | 1 | 0 |
_aAnimales al natural : _binsectos bajo la lupa 4 / _ctextos Masae Takaoka ; fotos Mamoru Yasuda ; dibujos Akio Kashiwara ; coordinador Syuji Okajima ; traducción María del Carmen Harada. |
| 260 |
_aMéxico D. F : _bFondo de Cultura Económica, _c2013 |
||
| 300 |
_a48 páginas : _bil. ; 37 cm. |
||
| 490 | _aLos especiales de ciencia | ||
| 534 |
_ptitulo original: _tBikkuri! jumbo konchuen. |
||
| 650 | 1 | 4 |
_aInsectos _911923 _xHábitos y conducta |
| 650 | 1 | 4 |
_aInsectos _911932 _xLiteratura infantil |
| 650 | 1 | 4 |
_aInsectos _96688 _xClasificacion |
| 700 | 1 |
_aHarada, María del Carmen, tr. _912385 |
|
| 700 | 1 |
_aKashiwara, Akio _912262 |
|
| 700 | 1 |
_aOkajima, Syuji, _912386 |
|
| 700 | 1 |
_aYasuda, Mamoru _911865 |
|
| 942 |
_2ddc _cBK |
||
| 999 |
_c8025 _d8025 |
||